00833nam a2200241Ia 4500001000600000003000900006008004100015040001300056040001300069041001300082100001800095100002900113245011000142245003100252250001100283260001100294260001900305260004900324300005700373500008900430650004100519650003100560 3065IT-RoPAU130308s9999 xx 000 0 und d aIT-RoPAU cIT-RoPAU aFRANCESE aVogel Cyrille gCodice Aut. SPICS: 10613 aAutonomie de la communautè paleochretienne et organes de coordination supra-locaux (Du III au V siecle) bCommunion et Communication a1a ed. aGENEVE bLabor Et Fides c1978 [1° Ed.:1978 - Ed.Ling.Originale:1978] a"18 p. (prefazione: no ; testo: 18 [pagine: 13-30])" aAutonomia della Comunità paleocristiana e Organi di coordinazione programma Romano aSAGGI TEOLOGIA COMUNICAZIONE SOCIALE eCodice materia Spics: 9211